00970nam a2200217Ia 4500001000700000008004100007020002200048082001600070245022900086260004700315300001100362503007300373504003800446650003200484650002800516650002500544650002200569650002000591650002000611700012100631Z_6162220601s9999 xx 000 0 und d a978-968-02-0417-5 a636.08 A48 aAlternativas para el desarrollo sustentable de la ganadería : respuestas de los productores y la perspectiva academica / coordinadores Baetriz A. Cavallotti Vázquez, Benito Ramírez Valverde y Carlos F. Marcof Álvarez aMéxico : UACH. Departamento de Zootecnia a411 p. aej.1 - ej.3: Donado por la profesora Baetriz A. Cavallotti Vázquez aIncluye Bibliografía e índice a1. Ganadería sustentable  aDesarrollo sustentable  aPolítica ganadera  aDesarrollo rural  aGanado lechero  aGanado de carne aCavallotti Vázquez, Beatriz A., coord. \ Ramírez Valverde, Benito, coord. \ Marcof Alvarez, Carlos F., coord.Ì